| 000 | 01364cam a2200253 4500 | ||
|---|---|---|---|
| 001 | ABS66648 | ||
| 008 | 030417n2003 000 0 eng u | ||
| 035 | _a(Sirsi) u122042 | ||
| 100 | _aBartlett, K. | ||
| 245 | _aRural development and diversification | ||
| 260 | _c2003 | ||
| 490 |
_aRICS Rural Professional _v December 2002, 16-17 (2) |
||
| 490 |
_aRICS Rural Professional _v February/March 2003, 38-39(2) |
||
| 520 | _aIn the wake of Sir Donald Curry's report on "The future of farming and food", rural professionals and their clients need to examine the challenges that face them and what opportunites are available. The first part identifies what problems rural professionals facein getting projects off the ground and goes on to identify what opportunities exist under land-based schemes such as Countryside Stewardship Scheme and Woodland Grant Scheme and also project-based schemes that are focused on individual developments rather than areas of land. The second article examines the problems caused by the planning system and what effect it has on rural surveyors and their clients. | ||
| 590 | _aABS | ||
| 650 | _aRURAL DEVELOPMENT | ||
| 650 | _aRURAL DIVERSIFICATION | ||
| 650 | _aPPG7 | ||
| 650 | _aFARM BUSINESSES | ||
| 650 | _aRURAL ECONOMY | ||
| 650 | _aRURAL BUSINESSES | ||
| 690 | _aRURAL-FARM BUSINESS MANAGEMENT | ||
| 942 | _n0 | ||
| 999 |
_c72519 _d72519 |
||